<?xml version="1.0" encoding="UTF-8"?>
<record
    xmlns:xsi="http://www.w3.org/2001/XMLSchema-instance"
    xsi:schemaLocation="http://www.loc.gov/MARC21/slim http://www.loc.gov/standards/marcxml/schema/MARC21slim.xsd"
    xmlns="http://www.loc.gov/MARC21/slim">

  <leader>00818nam a22001577a 4500</leader>
  <controlfield tag="003">OSt</controlfield>
  <controlfield tag="005">20150922160856.0</controlfield>
  <controlfield tag="008">150922b        xxu||||| |||| 00| 0 eng d</controlfield>
  <datafield tag="040" ind1=" " ind2=" ">
    <subfield code="c">RUA</subfield>
  </datafield>
  <datafield tag="082" ind1=" " ind2=" ">
    <subfield code="a">AGR LON 2010 B046 Or.1</subfield>
  </datafield>
  <datafield tag="100" ind1=" " ind2=" ">
    <subfield code="9">1136</subfield>
    <subfield code="a">LONH, LENON</subfield>
  </datafield>
  <datafield tag="245" ind1=" " ind2=" ">
    <subfield code="a">Effect of utilizing fertilizers on ir66 rice variety at chherteal village, prek anchanh commune,mokampaul district, kandal province &#x1794;&#x17D2;&#x179A;&#x179F;&#x17B7;&#x1791;&#x17D2;&#x1792;&#x17B7;&#x1797;&#x17B6;&#x1796;&#x1793;&#x17C3;&#x1780;&#x17B6;&#x179A;&#x1794;&#x17D2;&#x179A;&#x17BE;&#x1794;&#x17D2;&#x179A;&#x17B6;&#x179F;&#x17CB;&#x1787;&#x17B8;&#x1795;&#x17D2;&#x179F;&#x17C1;&#x1784;&#x17D7;&#x1782;&#x17D2;&#x1793;&#x17B6;&#x179B;&#x17BE;&#x1796;&#x17BC;&#x1787;&#x179F;&#x17D2;&#x179A;&#x17BC;&#x179C;&#x17A2;&#x17CA;&#x17B8;&#x17A2;&#x17CA;&#x17C2;&#x17E6;&#x17E6;&#x200B;&#x1793;&#x17C5;&#x1797;&#x17BC;&#x1798;&#x17B7;&#x1788;&#x17BE;&#x1791;&#x17B6;&#x179B; &#x1783;&#x17BB;&#x17C6;&#x1796;&#x17D2;&#x179A;&#x17C2;&#x1780;&#x17A2;&#x1789;&#x17D2;&#x1785;&#x17B6;&#x1789; &#x179F;&#x17D2;&#x179A;&#x17BB;&#x1780;&#x1798;&#x17BB;&#x1781;&#x1780;&#x17C6;&#x1796;&#x17BC;&#x179B; &#x1781;&#x17C1;&#x178F;&#x17D2;&#x178F;&#x1780;&#x178E;&#x17D2;&#x178F;&#x17B6;&#x179B;</subfield>
  </datafield>
  <datafield tag="260" ind1=" " ind2=" ">
    <subfield code="a">Phnom penh</subfield>
    <subfield code="b">RUA</subfield>
    <subfield code="c">2010</subfield>
  </datafield>
  <datafield tag="300" ind1=" " ind2=" ">
    <subfield code="a">xi, 57p.</subfield>
    <subfield code="b">ill.</subfield>
    <subfield code="c">29cm.</subfield>
  </datafield>
  <datafield tag="942" ind1=" " ind2=" ">
    <subfield code="2">ddc</subfield>
    <subfield code="c">AGR</subfield>
  </datafield>
  <datafield tag="999" ind1=" " ind2=" ">
    <subfield code="c">1088</subfield>
    <subfield code="d">1088</subfield>
  </datafield>
  <datafield tag="952" ind1=" " ind2=" ">
    <subfield code="0">0</subfield>
    <subfield code="1">0</subfield>
    <subfield code="2">ddc</subfield>
    <subfield code="4">0</subfield>
    <subfield code="6">AGR_LON_2010_000000000000000_B046_OR_1</subfield>
    <subfield code="7">0</subfield>
    <subfield code="9">4453</subfield>
    <subfield code="a">LBB</subfield>
    <subfield code="b">LBB</subfield>
    <subfield code="c">B046</subfield>
    <subfield code="d">2015-09-22</subfield>
    <subfield code="o">AGR LON 2010 B046 Or.1</subfield>
    <subfield code="p">RUA006298</subfield>
    <subfield code="r">2015-09-22</subfield>
    <subfield code="w">2015-09-22</subfield>
    <subfield code="y">AGR</subfield>
  </datafield>
  <datafield tag="952" ind1=" " ind2=" ">
    <subfield code="0">0</subfield>
    <subfield code="1">0</subfield>
    <subfield code="2">ddc</subfield>
    <subfield code="4">0</subfield>
    <subfield code="6">AGR_LON_2010_000000000000000_B046_OR_2</subfield>
    <subfield code="7">0</subfield>
    <subfield code="9">4454</subfield>
    <subfield code="a">LBB</subfield>
    <subfield code="b">LBB</subfield>
    <subfield code="c">B046</subfield>
    <subfield code="d">2015-09-22</subfield>
    <subfield code="l">1</subfield>
    <subfield code="o">AGR LON 2010 B046 Or.2</subfield>
    <subfield code="p">RUA006003</subfield>
    <subfield code="r">2019-02-18</subfield>
    <subfield code="s">2019-01-29</subfield>
    <subfield code="w">2015-09-22</subfield>
    <subfield code="y">AGR</subfield>
  </datafield>
  <datafield tag="952" ind1=" " ind2=" ">
    <subfield code="0">0</subfield>
    <subfield code="1">0</subfield>
    <subfield code="2">ddc</subfield>
    <subfield code="4">0</subfield>
    <subfield code="6">AGR_LON_2010_000000000000000_B046_OR_3</subfield>
    <subfield code="7">0</subfield>
    <subfield code="9">4455</subfield>
    <subfield code="a">LBB</subfield>
    <subfield code="b">LBB</subfield>
    <subfield code="c">B046</subfield>
    <subfield code="d">2015-09-22</subfield>
    <subfield code="l">1</subfield>
    <subfield code="o">AGR LON 2010 B046 Or.3</subfield>
    <subfield code="p">RUA006447</subfield>
    <subfield code="r">2024-01-23</subfield>
    <subfield code="s">2024-01-09</subfield>
    <subfield code="w">2015-09-22</subfield>
    <subfield code="y">AGR</subfield>
  </datafield>
  <datafield tag="952" ind1=" " ind2=" ">
    <subfield code="0">0</subfield>
    <subfield code="1">0</subfield>
    <subfield code="2">ddc</subfield>
    <subfield code="4">0</subfield>
    <subfield code="6">AGR_LON_2010_000000000000000_B046_OR_4</subfield>
    <subfield code="7">0</subfield>
    <subfield code="9">4456</subfield>
    <subfield code="a">LBB</subfield>
    <subfield code="b">LBB</subfield>
    <subfield code="c">B046</subfield>
    <subfield code="d">2015-09-22</subfield>
    <subfield code="o">AGR LON 2010 B046 Or.4</subfield>
    <subfield code="p">RUA006835</subfield>
    <subfield code="r">2015-09-22</subfield>
    <subfield code="w">2015-09-22</subfield>
    <subfield code="y">AGR</subfield>
  </datafield>
  <datafield tag="952" ind1=" " ind2=" ">
    <subfield code="0">0</subfield>
    <subfield code="1">0</subfield>
    <subfield code="2">ddc</subfield>
    <subfield code="4">0</subfield>
    <subfield code="6">AGR_LON_2010_000000000000000_B046_OR_5</subfield>
    <subfield code="7">0</subfield>
    <subfield code="9">4457</subfield>
    <subfield code="a">LBB</subfield>
    <subfield code="b">LBB</subfield>
    <subfield code="c">B046</subfield>
    <subfield code="d">2015-09-22</subfield>
    <subfield code="l">1</subfield>
    <subfield code="o">AGR LON 2010 B046 Or.5</subfield>
    <subfield code="p">RUA006332</subfield>
    <subfield code="r">2017-11-01</subfield>
    <subfield code="s">2017-01-16</subfield>
    <subfield code="w">2015-09-22</subfield>
    <subfield code="y">AGR</subfield>
  </datafield>
  <datafield tag="952" ind1=" " ind2=" ">
    <subfield code="0">0</subfield>
    <subfield code="1">0</subfield>
    <subfield code="2">ddc</subfield>
    <subfield code="4">0</subfield>
    <subfield code="6">AGR_LON_2010_000000000000000_B046_OR_6</subfield>
    <subfield code="7">0</subfield>
    <subfield code="9">4458</subfield>
    <subfield code="a">LBB</subfield>
    <subfield code="b">LBB</subfield>
    <subfield code="c">B046</subfield>
    <subfield code="d">2015-09-22</subfield>
    <subfield code="o">AGR LON 2010 B046 Or.6</subfield>
    <subfield code="p">RUA008570</subfield>
    <subfield code="r">2015-09-22</subfield>
    <subfield code="w">2015-09-22</subfield>
    <subfield code="y">AGR</subfield>
  </datafield>
</record>
